01055nam a2200265Ia 4500003000400000005001700004008004100021020001800062040001800080041000800098082002500106245010500131250001200236260003600248300002700284650005900311650004700370650005600417700003200473700003100505700002700536942003400563999001900597952017300616OSt20250121093403.0210716s2011 xx 000 0 und d a9780415677868 cAIMIT LIBRARY aeng a001.072382 21bAHMS aRegional and multilateral trade in developing countries /cEdited by Shahid Ahmed and Shahid Ashraf. a1st ed. aNew Delhi :bRoutledge ,c2011. axiv;412p. ;bHBc23 cm aMacro and CGE modelling of international trade9194237 aRegional integration in South Asia9194238 aTrade integration in Africa and Arab States9194239 aAhmed, Shahid., ed.9194240 aAsraf, Shahid.,ed.9194241 aAsraf, Shahid.9194242 2ddccBKe1stk001.072382 AHMS c192668d192668 00102ddc40708MCAaAIMITbAIMITeKnowledge Worldg895.00iBill no:1350; Bill dt:2012-09-19l0o001.072382 AHMSpMCA12176r2025-07-21 00:00:00v671.25w2021-07-16yBK